Daniel Demons and Driuds (Record no. 9135)
[ view plain ]
| 000 -LEADER | |
|---|---|
| fixed length control field | 00844nam a22002177a 4500 |
| 003 - CONTROL NUMBER IDENTIFIER | |
| control field | OSt |
| 005 - DATE AND TIME OF LATEST TRANSACTION | |
| control field | 20260316022729.0 |
| 008 - FIXED-LENGTH DATA ELEMENTS--GENERAL INFORMATION | |
| fixed length control field | 260316b |||||||| |||| 00| 0 eng d |
| 020 ## - INTERNATIONAL STANDARD BOOK NUMBER | |
| International Standard Book Number | 978-0-316-03698-6 |
| 040 ## - CATALOGING SOURCE | |
| Original cataloging agency | DWCL GS lib |
| Transcribing agency | OC |
| 082 ## - DEWEY DECIMAL CLASSIFICATION NUMBER | |
| Classification number | P 317d 2010 |
| 100 ## - MAIN ENTRY--PERSONAL NAME | |
| Personal name | JAMES PATTERSON |
| 245 ## - TITLE STATEMENT | |
| Title | Daniel Demons and Driuds |
| Statement of responsibility, etc. | JAMES PATTERSON |
| 260 ## - PUBLICATION, DISTRIBUTION, ETC. | |
| Place of publication, distribution, etc. | New York |
| Name of publisher, distributor, etc. | Little Brown and Company |
| Date of publication, distribution, etc. | 2010 |
| 300 ## - PHYSICAL DESCRIPTION | |
| Extent | 243p |
| Dimensions | 20cm |
| 520 ## - SUMMARY, ETC. | |
| Summary, etc. | 15-year-old alien hunter Daniel as he pursues Phosphorius Beta, an explosive fire-demon and No. 3 on his list of interstellar outlaws. |
| 650 ## - SUBJECT ADDED ENTRY--TOPICAL TERM | |
| Topical term or geographic name entry element | the third installment in James Patterson’s Daniel X science fiction series. |
| 650 ## - SUBJECT ADDED ENTRY--TOPICAL TERM | |
| Topical term or geographic name entry element | center on themes of resilience, the strength of friendship, and facing past trauma to secure the future. |
| 700 ## - ADDED ENTRY--PERSONAL NAME | |
| Personal name | ADAM SADLER |
| 942 ## - ADDED ENTRY ELEMENTS (KOHA) | |
| Source of classification or shelving scheme | Dewey Decimal Classification |
| Koha item type | Fiction |
| Suppress in OPAC | No |
No items available.